000 00289nam a22001337a 4500
008 171121b xxu||||| |||| 00| 0 eng d
020 _a0538802006
041 _aeng
080 _a339.138
100 _a60
101 _aMAR
245 _aCONSUMER BEHAVIOR
_cWATERS,C.G
942 _2udc
_cBK
999 _c38283
_d38283